1 2 3 4 5 6 7 8 9 10 11 12 13 - Statistics

General Stats
  • This quiz has been taken 238 times
  • The average score is 13 of 13
Answer Stats
Hint number % Correct
a 1
100%
b 2
100%
c 3
99%
d 4
99%
e 5
99%
f 6
99%
g 7
99%
h 8
99%
i 9
99%
j 10
98%
k 11
98%
l 12
98%
m 13
97%
No matching quizzes found
Score Distribution
Percent of People with Each Score
Percentile by Number Answered
Your Score History
You have not taken this quiz